Sports Quiz

Random Sports or City Quiz

Federal League Teams Quiz Stats

 Plays Quiz not verified by Sporcle

Challenge
Share
Tweet
Embed
Score 0/9 Timer 06:00
0 Plays Today
City Team % Correct
Chicago, ILChicago Whales
85.7%
New York, NYBrooklyn Tip Tops
42.9%
Buffalo, NYBuffalo Blues or Buffeds
42.9%
Baltimore, MDBaltimore Terrapins
35.7%
Indianapolis, INIndianapolis Hoosiers
35.7%
Newark, NJNewark Peppers
35.7%
St. Louis, MOSt. Louis Terriers
35.7%
Kansas City, MOKansas City Packers
21.4%
Pittsburgh, PAPittsburgh Rebels or Stogies
21.4%

You're not logged in!

Compare scores with friends on all Sporcle quizzes.
Join for Free
OR
Log In

You Might Also Like...

Show Comments

Extras

Top Quizzes Today


Score Distribution

Your Account Isn't Verified!

In order to create a playlist on Sporcle, you need to verify the email address you used during registration. Go to your Sporcle Settings to finish the process.

Report this User

Report this user for behavior that violates our Community Guidelines.

Details: